000 00254nam a2200109Ia 4500
100 _aMachinery yellow back series
942 _cBK
654 _aSpinning
245 _aMetal Spinning No.7
260 _bMachinery Publication & co
_c2001
546 _aENGLISH
999 _c32697
_d32697